|
|
|
|
| LEADER |
00000nab a2200000 a 4500 |
| 001 |
vtls008989045 |
| 003 |
SK-MaSNL |
| 005 |
20260304150523.0 |
| 008 |
250505c2007 xo |||||||||||000 b|slo |
| 015 |
|
|
|a SNBRB2007/05
|2 snkbucl
|
| 035 |
|
|
|a (uuid)73a68ed9-8ea6-41d3-b6fb-d35f3a37fc30
|
| 035 |
|
|
|a urn:nbn:sk:snk-ab105d
|
| 035 |
|
|
|a (urnnbn)urn:nbn:sk:snk:ar-a05enz
|
| 038 |
|
|
|a SNKBUCL
|
| 040 |
|
|
|a SNKBUCL
|b slo
|c SNKBUCL
|e AACR2
|
| 041 |
0 |
|
|a slo
|
| 044 |
|
|
|a xo
|c SK
|
| 080 |
|
|
|a 004.42Photoshop
|2 2001
|
| 080 |
|
|
|a 004.4'27
|2 2001
|
| 080 |
|
|
|a 004.932
|2 2001
|
| 080 |
|
|
|a 004.42Premiere
|2 2001
|
| 080 |
|
|
|a 77.089:004.932
|2 2001
|
| 080 |
|
|
|a 778.534.45:004.932
|2 2001
|
| 100 |
1 |
|
|a Reiter, Michal
|4 aut
|9 758687
|
| 245 |
1 |
0 |
|a Adobe Photoshop Elements 5 + Premiere Elements 3
|b úprava fotografií a videa na prvý pokus
|c Michal Reiter
|
| 300 |
|
|
|b Obr.
|
| 630 |
0 |
7 |
|a Adobe Photoshop Elements 5
|2 snkbucl
|9 1471162
|
| 630 |
0 |
7 |
|a Adobe Premiere Elements 3
|2 snkbucl
|9 1471163
|
| 650 |
0 |
7 |
|a fotografický softvér
|2 snkbucl
|9 1034285
|
| 650 |
0 |
7 |
|a digitálna fotografia
|2 snkbucl
|9 20210
|
| 650 |
0 |
7 |
|a počítačové spracovanie obrazu
|2 snkbucl
|9 68795
|
| 650 |
0 |
7 |
|a počítačové spracovanie zvuku
|2 snkbucl
|9 82449
|
| 650 |
0 |
7 |
|a videoeditory
|2 snkbucl
|9 49759
|
| 650 |
0 |
7 |
|a digitálny videozáznam
|2 snkbucl
|9 82450
|
| 773 |
0 |
|
|t PC revue
|g Roč. XV, č. 1 (2007), s. 109-110
|x 1335-0226
|
| 850 |
|
|
|a Slovenská národná knižnica
|
| 852 |
|
|
|a Slovenská národná knižnica
|
| 954 |
|
|
|a odborná, vedecká literatúra pôvodná (slovenská)
|2 lita
|
| 958 |
|
|
|a article27
|
| 958 |
|
|
|a OND
|
| 958 |
|
|
|a EUIPO
|
| 999 |
|
|
|c 2938704
|d 2940634
|